Statistics for População da R. A. Madeira por ordem

Click here to take the quiz!

General Stats

  • This quiz has been taken 10 times
  • The average score is 7 of 11

Answer Stats

HintAnswer% Correct
105 782 hab.Funchal
100%
10 915 hab.Calheta
67%
32 162 hab.Câmara de Lobos
67%
19 593 hab.Machico
67%
12 680 hab.Ribeira Brava
67%
42 168 hab.Santa Cruz
67%
5 149 hab.Porto Santo
56%
6 553 hab.Santana
56%
4 865 hab.São Vicente
56%
8 360 hab.Ponta do Sol
44%
2 517 hab.Porto Moniz
44%

Score Distribution

Percentile by Number Answered

Percent of People with Each Score

Your Score History

You have not taken this quiz